01072ngm a22001211i 450000100060000010000410000620000180004721000380006521500460010330000730014933007050022270000230092724861 a20120424u u u0frey50 ba1 aO outro homem cCastello Lopes Multimédiad2010 d1 DVD (aprox. 89 minutos) : color.; 19 cm aNº de registo 4119/2010. - M/ 12 anos. - Legendado em Português  aElenco: Liam Neeson, Antonio Banderas, Laura Linney. Sinopse: Peter (Liam Neeson) e Lisa (Laura Linney) estão acomodados na tranquilidade do seu longo matrimónio. Lisa é uma recomendada designer de sapatos, enquanto Peter dirigi a sua própria companhia. Na noite da festa de lançamento da última colecção de Lisa, esta aparece estranha e evasiva. Nunca desejaste ter a oportunidade de ficar com outra pessoa?, pergunta ela. Logo depois desaparece. Desesperado, Peter luta para encontrar respostas e segue uma pista até Itália. Ali encontra-se com Ralph (Antonio Banderas), um homem astuto e encantador que é, claramente, o amante de Lisa. Mas Ralph tem seus próprios segredos. 1aEyrebRichard4370